Development of an integrated bioreactor system for cometabolic transansformation of phenol and 4-chlorophenol /
Saved in:
| Main Author: | |
|---|---|
| Format: | Thesis Book |
| Language: | English |
| Published: |
2002.
|
| Subjects: | |
| Tags: |
Add Tag
No Tags, Be the first to tag this record!
|
| LEADER | 00763cam a2200217 a 4500 | ||
|---|---|---|---|
| 001 | u512600 | ||
| 003 | SIRSI | ||
| 008 | 000606s2002 si v 00 1 eng m | ||
| 035 | |a ACY-0233 | ||
| 040 | |a UMM | ||
| 090 | |a TP7 |b NUS 2002 Wan | ||
| 100 | 1 | 0 | |a Wang, Ye |
| 245 | 1 | 0 | |a Development of an integrated bioreactor system for cometabolic transansformation of phenol and 4-chlorophenol / |c Wang Ye. |
| 260 | |c 2002. | ||
| 300 | |a xii, 118 leaves : |b ill. ; |c 30 cm. | ||
| 502 | |a Dissertation (M.Eng.) -- National University of Singapore, 2002. | ||
| 504 | |a Bibliography: leaves 111-118. | ||
| 650 | 0 | |a Bioreactors. | |
| 948 | |a 28/05/2003 |b 28/05/2003 | ||
| 596 | |a 1 | ||
| 999 | |a TP7 NUS 2002 WAN |w LC |c 1 |i A511117196 |l B_KOM4 |m P01UTAMA |r Y |s Y |t TESIS |u 30/5/2003 |o .PUBLIC. bkom 4 : 43272 | ||
